书目信息 |
| 题名: |
世界争议文学名著金库
|
|
| 作者: | 文伊 主编 ;劳伦斯 , 左拉 , 马志刚 , 齐元涛 , 刘思明 , 韩沪麟 著 | |
| 分册: | 下卷 | |
| 出版信息: | 北京 大众文艺出版社 1999.08 |
|
| 页数: | 1485-2213页 | |
| 开本: | 27cm | |
| 丛书名: | ||
| 单 册: | ||
| 中图分类: | I14 | |
| 科图分类: | 42.85 | |
| 主题词: | 长篇小说--世界--选集 , 中篇小说--世界--选集 | |
| 电子资源: | ||
| ISBN: | 7-80094-729-7 | |
| 000 | 01298nam0 2200385 450 | |
| 001 | 2438464111 | |
| 005 | 20240930104219.16 | |
| 010 | @a7-80094-729-7@b精装@dCNY698.00(全套) | |
| 100 | @a20021005d1999 em y0chiy0110 ea | |
| 101 | 1 | @achi@cmul |
| 102 | @aCN@b110000 | |
| 105 | @ay z 000ay | |
| 200 | 1 | @a世界争议文学名著金库 @9shi jie zheng yi wen xue ming zhu jin ku @i下卷@f文伊主编 |
| 210 | @a北京@c大众文艺出版社@d1999.08 | |
| 215 | @a1485-2213页@d27cm | |
| 300 | @a世界性爱文学经典 | |
| 327 | 1 | @a虹/(英)劳伦斯著;马志刚,齐元涛译@a欲魔/(法)左拉著;刘思明译@a红杏出墙/(法)左拉著;韩沪麟译 |
| 503 | @n河南城建学院图书馆 | |
| 517 | 1 | @a虹@9hong |
| 517 | 1 | @a欲魔@9yu mo |
| 517 | 1 | @a红杏出墙@9hong xing chu qiang |
| 517 | 1 | @a下卷@AXia Juan |
| 606 | 0 | @a长篇小说@y世界@x选集 |
| 606 | 0 | @a中篇小说@y世界@x选集 |
| 690 | @aI14@v3 | |
| 692 | @a42.85@v2 | |
| 701 | 0 | @a文伊@9wen yi@4主编 |
| 702 | 1 | @c(英)@a劳伦斯@c(Lawrence, David Herbert@f1885~1930)@9lao lun si@4著 |
| 702 | 1 | @c(法)@a左拉@c(Zola, Emile@f1840~1902)@9zuo la@4著 |
| 702 | 0 | @a马志刚@9ma zhi gang@4译 |
| 702 | 0 | @a齐元涛@9qi yuan tao@4译 |
| 702 | 0 | @a刘思明@9liu si ming@4译 |
| 702 | 0 | @a韩沪麟@f(1939~)@9han hu lin@4译 |
| 801 | 0 | @aCN@bMuseLib.NET@c20021005 |
| 905 | @aZUCC@dI14@eW6632 | |
| 世界争议文学名著金库 .下卷/文伊主编.-北京:大众文艺出版社,1999.08 |
| 1485-2213页;27cm |
| 世界性爱文学经典 |
| 部分内容:虹/(英)劳伦斯著;马志刚,齐元涛译;欲魔/(法)左拉著;刘思明译;红杏出墙/(法)左拉著;韩沪麟译 |
| ISBN 7-80094-729-7(精装):CNY698.00(全套) |
| ● |
| 相关链接 |
|
|
|
正题名:世界争议文学名著金库
索取号:I14/W6632
 
预约/预借
| 序号 | 登录号 | 条形码 | 馆藏地/架位号 | 状态 | 备注 |
| 1 | 1553057 | 215530575 | 文学库108/108文学库 4排2列2层/ [索取号:I14/W6632] | 在馆 |